[Event "COL Subzt 2.3.4 (Women)"]
[Site "Risarald"]
[Date "2021.11.27"]
[Round "8"]
[White "Ruiz Jaraba, Valentina Sofia"]
[Black "Herrera Rincon, Wilene"]
[Result "1-0"]
[WhiteElo "1750"]
[BlackElo "1620"]
[PlyCount "63"]
[EventDate "2021.11.23"]
[EventType "swiss"]
[EventRounds "9"]
[EventCountry "COL"]
[SourceTitle "CBM 205 Extra"]
[Source "ChessBase"]
[SourceDate "2022.01.31"]
[SourceVersion "1"]
[SourceVersionDate "2022.01.31"]
[SourceQuality "1"]

1. e4 c5 2. Nf3 d6 3. d4 cxd4 4. Nxd4 Nf6 5. Nc3 g6 6. Be2 Bg7 7. 0-0 0-0 8. Kh1 a6 9. Bg5 b5 10. a3 Bb7 11. Bd3 Nbd7 12. Nb3 Rc8 13. f4 Qc7 14. Qe2 e6 15. Rad1 Nb6 16. Rfe1 Nfd7 17. Qe3 Rfe8 18. Nd4 Nc4 19. Bxc4 Qxc4 20. Nde2 d5 21. e5 Qc7 22. Nd4 h6 23. Bh4 Nc5 24. Qh3 Qb6 25. Bf6 Bf8 26. Re3 b4 27. axb4 Qxb4 28. Rg3 Rc7 29. f5 exf5 30. Nxf5 Kh7 31. Nxh6 Bxh6 32. Qxh6+ 1-0

[Event "COL Subzt 2.3.4 (Women)"]
[Site "Risarald"]
[Date "2021.11.24"]
[Round "3"]
[White "Herrera Rincon, Wilene"]
[Black "Bastidas, Carina"]
[Result "1-0"]
[WhiteElo "1620"]
[BlackElo "1474"]
[PlyCount "71"]
[EventDate "2021.11.23"]
[EventType "swiss"]
[EventRounds "9"]
[EventCountry "COL"]
[SourceTitle "CBM 205 Extra"]
[Source "ChessBase"]
[SourceDate "2022.01.31"]
[SourceVersion "1"]
[SourceVersionDate "2022.01.31"]
[SourceQuality "1"]

1. e4 c5 2. Nf3 e6 3. d3 Nc6 4. g3 d6 5. Bg2 Nf6 6. 0-0 Be7 7. Nbd2 0-0 8. Re1 Qc7 9. Nf1 a6 10. h3 b5 11. g4 e5 12. Ng3 Nd4 13. g5 Ne8 14. Nh4 g6 15. f4 c4 16. c3 Nc6 17. f5 cxd3 18. Qxd3 b4 19. Nf3 Bb7 20. Be3 bxc3 21. Qxc3 Rc8 22. Rac1 Bd8 23. Qb3 Kh8 24. Nh2 Qb8 25. Ng4 Ba5 26. Rf1 Nc7 27. Nh6 Nd8 28. fxg6 hxg6 29. Nxf7+ Kg7 30. Nxd6 Rxf1+ 31. Rxf1 Nde6 32. Nxb7 Qa8 33. Nxa5 Rb8 34. Qc3 Nb5 35. Qxe5+ Kg8 36. Qxe6+ 1-0

[Event "COL-ch sf (Women)"]
[Site "Santa Rosa"]
[Date "2021.08.16"]
[Round "9"]
[White "Macias Chavarro, Manuela"]
[Black "Herrera Rincon, Wilene"]
[Result "0-1"]
[WhiteElo "1723"]
[BlackElo "1638"]
[PlyCount "44"]
[EventDate "2021.08.12"]
[EventType "swiss"]
[EventRounds "9"]
[EventCountry "COL"]
[SourceTitle "CBM 204 Extra"]
[Source "ChessBase"]
[SourceDate "2021.11.30"]
[SourceVersion "1"]
[SourceVersionDate "2021.11.30"]
[SourceQuality "1"]

1. e4 c5 2. Nc3 d6 3. g3 Nf6 4. Bg2 Nc6 5. d3 g6 6. Nge2 Bg7 7. 0-0 Bd7 8. Be3 Qc8 9. f4 h5 10. f5 gxf5 11. Nf4 h4 12. gxh4 Ng4 13. Bf2 Nxf2 14. Kxf2 Rxh4 15. Kg1 Bd4+ 16. Kh1 Be5 17. Qd2 Nd4 18. Rf2 Bc6 19. Raf1 Qd7 20. Nce2 0-0-0 21. Nxd4 Bxd4 22. Re2 Rdh8 0-1

[Event "COL-ch sf (Women)"]
[Site "Santa Rosa"]
[Date "2021.08.15"]
[Round "7"]
[White "Carrillo Riano, Karen Sofia"]
[Black "Herrera Rincon, Wilene"]
[Result "0-1"]
[WhiteElo "1217"]
[BlackElo "1638"]
[PlyCount "44"]
[EventDate "2021.08.12"]
[EventType "swiss"]
[EventRounds "9"]
[EventCountry "COL"]
[SourceTitle "CBM 204 Extra"]
[Source "ChessBase"]
[SourceDate "2021.11.30"]
[SourceVersion "1"]
[SourceVersionDate "2021.11.30"]
[SourceQuality "1"]

1. e4 c5 2. Nf3 g6 3. d4 Bg7 4. d5 d6 5. c3 Nf6 6. Bd3 0-0 7. 0-0 Na6 8. Nbd2 Rb8 9. Qe2 Nc7 10. c4 a6 11. Rb1 b5 12. b3 Nh5 13. Qe3 e5 14. dxe6 Nxe6 15. Bb2 Bxb2 16. Rxb2 Qf6 17. e5 dxe5 18. Qxe5 Bb7 19. Qxf6 Nxf6 20. cxb5 axb5 21. Ne5 Nf4 22. g3 Nh3# 0-1

[Event "COL-ch Amateurs U1700"]
[Site "Bogota"]
[Date "2021.06.26"]
[Round "5"]
[White "Herrera Rincon, Wilene"]
[Black "Borre Meza, Orlando David"]
[Result "1/2-1/2"]
[WhiteElo "1675"]
[BlackElo "1285"]
[PlyCount "157"]
[EventDate "2021.06.23"]
[EventType "swiss"]
[EventRounds "7"]
[EventCountry "COL"]
[SourceTitle "CBM 203 Extra"]
[Source "ChessBase"]
[SourceDate "2021.09.30"]
[SourceVersion "1"]
[SourceVersionDate "2021.09.30"]
[SourceQuality "1"]

1. e4 e5 2. Nf3 Nc6 3. Bc4 Nf6 4. d3 Be7 5. 0-0 0-0 6. Re1 d6 7. c3 Na5 8. Bb5 a6 9. Ba4 b5 10. Bc2 c5 11. a4 Bd7 12. Nbd2 Re8 13. Nf1 Bf8 14. Bg5 h6 15. Bd2 g6 16. h3 Nc6 17. g4 Nh7 18. Qc1 h5 19. gxh5 Bxh3 20. hxg6 fxg6 21. axb5 Qd7 22. Ng3 axb5 23. Rxa8 Rxa8 24. Bb3+ Kh8 25. Ng5 Nxg5 26. Bxg5 Bg7 27. f3 Rf8 28. Qe3 Nd8 29. Kf2 Qg4 30. Rh1 Ne6 31. Be7 Rf7 32. Bxe6 Qxe6 33. Bxd6 Qxd6 34. Rxh3+ Kg8 35. Ke2 Ra7 36. Rh1 Ra2 37. Rb1 c4 38. dxc4 bxc4 39. Qd2 Qxd2+ 40. Kxd2 Bf8 41. Nh1 Kf7 42. Nf2 Bd6 43. Ng4 Ke6 44. Kc2 Bc5 45. Kd1 Bb6 46. Kc2 Bc5 47. Kc1 Bb6 48. Kd2 Bc5 49. Ne3 Ra4 50. Re1 Bb6 51. Re2 Bc5 52. Rg2 Kf7 53. Nd5 Ra2 54. Kc2 Ra1 55. f4 exf4 56. Nxf4 Be3 57. Ne2 Kf6 58. Rg3 Bh6 59. Rg1 Rxg1 60. Nxg1 Ke5 61. b4 Kxe4 62. Ne2 Be3 63. Ng3+ Kd5 64. Kd1 Bf4 65. Nf1 g5 66. Ke2 Be5 67. Ne3+ Kc6 68. Nd1 g4 69. Kd2 Kb5 70. Ke3 Bxc3 71. Nxc3+ Kxb4 72. Ne2 Kb3 73. Kd2 Kb2 74. Ke1 Kc2 75. Kf2 Kd2 76. Kf1 Ke3 77. Ke1 Kf3 78. Kd2 Kf2 79. Kd1 1/2-1/2

[Event "COL-ch Amateurs U1700"]
[Site "Bogota"]
[Date "2021.06.26"]
[Round "6"]
[White "Olier Robayo, Mishelle Dayana"]
[Black "Herrera Rincon, Wilene"]
[Result "1-0"]
[WhiteElo "1363"]
[BlackElo "1675"]
[PlyCount "121"]
[EventDate "2021.06.23"]
[EventType "swiss"]
[EventRounds "7"]
[EventCountry "COL"]
[SourceTitle "CBM 203 Extra"]
[Source "ChessBase"]
[SourceDate "2021.09.30"]
[SourceVersion "1"]
[SourceVersionDate "2021.09.30"]
[SourceQuality "1"]

1. e4 d6 2. d3 g6 3. g3 Bg7 4. Bg2 Nd7 5. Nc3 Ngf6 6. f4 Rb8 7. Nf3 0-0 8. 0-0 b5 9. Qe2 c5 10. h3 a6 11. g4 Bb7 12. Nh2 e6 13. h4 h5 14. g5 Nh7 15. f5 exf5 16. exf5 Re8 17. Qd1 Bd4+ 18. Kh1 Bxg2+ 19. Kxg2 Qc7 20. Ne2 Qb7+ 21. Kh3 Be3 22. Ng3 d5 23. Qf3 d4 24. Qxb7 Rxb7 25. Ne4 Rc7 26. Bxe3 dxe3 27. fxg6 fxg6 28. b3 c4 29. bxc4 bxc4 30. Nd6 cxd3 31. Nxe8 Rxc2 32. Nf3 Nhf8 33. Ne1 Rc3 34. Nxd3 Rxd3 35. Rfd1 Ne5 36. Kg2 Rxd1 37. Rxd1 e2 38. Re1 Nd3 39. Rxe2 Nf4+ 40. Kf3 Nxe2 41. Kxe2 Kf7 42. Nc7 a5 43. Kd3 Ke7 44. Nb5 Kd7 45. Nd4 Kc7 46. Kc4 Kb6 47. Kd5 Nh7 48. Ke6 Nxg5+ 49. hxg5 h4 50. Kf6 h3 51. Nf3 Kb5 52. Kxg6 Kb4 53. Kf7 Ka3 54. g6 Kxa2 55. g7 a4 56. g8Q a3 57. Nd2 h2 58. Qa8 Kb2 59. Nc4+ Kb3 60. Qxa3+ Kxc4 61. Qa2+ 1-0

[Event "Bogota Navidad op"]
[Site "Bogota"]
[Date "2019.12.08"]
[Round "7"]
[White "Ruiz, Gustavo"]
[Black "Herrera Rincon, Wilene"]
[Result "0-1"]
[WhiteElo "1812"]
[BlackElo "1697"]
[PlyCount "88"]
[EventDate "2019.12.05"]
[EventType "swiss"]
[EventRounds "7"]
[EventCountry "COL"]
[SourceTitle "CBM 193 Extra"]
[Source "ChessBase"]
[SourceDate "2020.01.31"]
[SourceVersion "1"]
[SourceVersionDate "2020.01.31"]
[SourceQuality "1"]

1. e4 d6 2. d4 g6 3. Bc4 Bg7 4. Nf3 Nd7 5. c3 e5 6. Ng5 Nh6 7. Bxf7+ Nxf7 8. Ne6 Qf6 9. Nxc7+ Kd8 10. Nxa8 exd4 11. Qa4 Qe5 12. 0-0 a6 13. f4 Qb5 14. Qxb5 axb5 15. cxd4 Bxd4+ 16. Kh1 b6 17. Na3 Ba6 18. Rd1 Bc5 19. Rb1 b4 20. Nc2 Re8 21. f5 Rxe4 22. fxg6 hxg6 23. Bd2 Kc8 24. Re1 Bd3 25. Rxe4 Bxe4 26. Rc1 Bxc2 27. Rxc2 Kb7 28. Nxb6 Kxb6 29. Rc4 Kb5 30. Rf4 Nde5 31. h4 Nh6 32. Re4 Nhg4 33. Be1 Kc6 34. g3 Kb5 35. Kg2 Ne3+ 36. Kh3 Nd1 37. b3 Nc3 38. Bxc3 bxc3 39. a4+ Ka5 40. Re2 Kb4 41. g4 Kxb3 42. h5 gxh5 43. gxh5 c2 44. Re3+ Bxe3 0-1

[Event "Bogota Navidad op"]
[Site "Bogota"]
[Date "2019.12.05"]
[Round "1"]
[White "Palencia Morales, Wilson Guillermo"]
[Black "Herrera Rincon, Wilene"]
[Result "1-0"]
[WhiteElo "2337"]
[BlackElo "1697"]
[PlyCount "48"]
[EventDate "2019.12.05"]
[EventType "swiss"]
[EventRounds "7"]
[EventCountry "COL"]
[SourceTitle "CBM 193 Extra"]
[Source "ChessBase"]
[SourceDate "2020.01.31"]
[SourceVersion "1"]
[SourceVersionDate "2020.01.31"]
[SourceQuality "1"]

1. e4 c5 2. Nf3 d6 3. d4 cxd4 4. Nxd4 g6 5. Nc3 Bg7 6. Be3 Nf6 7. f3 a6 8. Qd2 Nc6 9. 0-0-0 Nxd4 10. Bxd4 Be6 11. g4 b5 12. g5 Nh5 13. Bxg7 Nxg7 14. Qd4 0-0 15. h4 Nh5 16. Nd5 Rc8 17. Bd3 Rc5 18. f4 Bxd5 19. exd5 Qa8 20. Qe3 Re8 21. Be4 a5 22. f5 b4 23. Rhf1 Qc8 24. Rf2 a4 1-0

[Event "Uniagraria AlphaZero op 2nd"]
[Site "Uniagraria"]
[Date "2019.11.09"]
[Round "3"]
[White "Rangel, Carlos"]
[Black "Herrera Rincon, Wilene"]
[Result "1-0"]
[WhiteElo "1990"]
[BlackElo "1697"]
[PlyCount "69"]
[EventDate "2019.11.08"]
[EventType "swiss"]
[EventRounds "7"]
[EventCountry "COL"]
[SourceTitle "CBM 193 Extra"]
[Source "ChessBase"]
[SourceDate "2020.01.31"]
[SourceVersion "1"]
[SourceVersionDate "2020.01.31"]
[SourceQuality "1"]

1. e4 c5 2. Nf3 d6 3. d4 cxd4 4. Nxd4 g6 5. Be2 Bg7 6. c4 Nc6 7. Nc2 Qb6 8. Nc3 Bd7 9. 0-0 a6 10. Kh1 Nf6 11. Nd5 Nxd5 12. exd5 Nd8 13. Rb1 0-0 14. Be3 Qa5 15. a3 Rc8 16. Bd3 b5 17. b4 Qc7 18. c5 dxc5 19. bxc5 e6 20. d6 Qb7 21. a4 Bc6 22. f3 Qd7 23. axb5 Bxb5 24. Bxb5 axb5 25. Qe2 Rb8 26. Rb3 Nc6 27. Rxb5 Rxb5 28. Qxb5 Rb8 29. Qa4 Qb7 30. Nd4 Nxd4 31. Bxd4 e5 32. c6 Qc8 33. c7 Ra8 34. Qxa8 Qxa8 35. d7 1-0

[Event "COL-ch Amateur U2000"]
[Site "Bogota"]
[Date "2017.03.05"]
[Round "6"]
[White "Carrillo Gil, William Alexander"]
[Black "Herrera Rincon, Wilene"]
[Result "1-0"]
[WhiteElo "1975"]
[BlackElo "1781"]
[PlyCount "34"]
[EventDate "2017.03.02"]
[EventType "swiss"]
[EventRounds "7"]
[EventCountry "COL"]
[SourceTitle "CBM 177 Extra"]
[Source "ChessBase"]
[SourceDate "2017.04.27"]
[SourceVersion "1"]
[SourceVersionDate "2017.04.27"]
[SourceQuality "1"]

1. e4 c5 2. Nf3 d6 3. c3 Nf6 4. d3 g6 5. Bg5 Bg7 6. Be2 h6 7. Bh4 0-0 8. Nbd2 Nc6 9. 0-0 Be6 10. h3 b5 11. a3 Qb6 12. Re1 a5 13. Nf1 Rae8 14. Ne3 d5 15. Bxf6 Bxf6 16. exd5 Bxh3 17. dxc6 Be6 1-0

[Event "Bogota Region-ch Amateur U2300"]
[Site "Bogota"]
[Date "2017.02.18"]
[Round "2.16"]
[White "Alvarez Mahecha, Manuel"]
[Black "Herrera Rincon, Wilene"]
[Result "0-1"]
[WhiteElo "1600"]
[BlackElo "1790"]
[PlyCount "51"]
[EventDate "2017.02.17"]
[EventType "swiss"]
[EventRounds "6"]
[EventCountry "COL"]
[SourceTitle "EXT 2024"]
[Source "ChessBase"]
[SourceDate "2023.10.10"]
[SourceVersion "1"]
[SourceVersionDate "2023.10.10"]
[SourceQuality "1"]

1. d4 d5 2. c4 Bf5 3. cxd5 Nf6 4. Qa4+ c6 5. dxc6 Nxc6 6. Nf3 e6 7. Nc3 Bb4 8. Bd2 0-0 9. e3 a6 10. Be2 b5 11. Qb3 Rc8 12. Rc1 Qd6 13. a3 Ba5 14. Nh4 Bg4 15. Bd3 e5 16. Ne4 Nxe4 17. Bxe4 Bxd2+ 18. Kxd2 exd4 19. Rxc6 dxe3+ 20. Kxe3 Rxc6 21. Bxc6 Qxc6 22. Kf4 Be6 23. Qd3 Qc7+ 24. Kf3 Rd8 25. Qe3 Qc4 26. g3 0-1

[Event "COL-ch Amateur"]
[Site "Villavicencio"]
[Date "2015.02.21"]
[Round "8"]
[White "Herrera Rincon, Wilene"]
[Black "Ramirez Montoya, Jorge A"]
[Result "0-1"]
[WhiteElo "1693"]
[BlackElo "1823"]
[PlyCount "30"]
[EventDate "2015.02.18"]
[EventType "swiss"]
[EventRounds "9"]
[EventCountry "COL"]
[SourceTitle "CBM 165 Extra"]
[Source "ChessBase"]
[SourceDate "2015.04.21"]
[SourceVersion "1"]
[SourceVersionDate "2015.04.21"]
[SourceQuality "1"]

1. e4 d5 2. exd5 Qxd5 3. Nc3 Qa5 4. Bc4 Nf6 5. Nge2 e5 6. 0-0 Nc6 7. d4 Bg4 8. dxe5 Nxe5 9. Bb3 Bd6 10. Qd4 0-0-0 11. Be3 Nf3+ 12. gxf3 Bxh2+ 13. Kxh2 Qh5+ 14. Kg1 Bxf3 15. Ng3 Qh3 0-1

[Event "Bogota McGregor op 2nd"]
[Site "Bogota"]
[Date "2011.12.07"]
[Round "4"]
[White "Lopez Vasquez, Juan David"]
[Black "Herrera Rincon, Wilene"]
[Result "1-0"]
[WhiteElo "2001"]
[BlackElo "1696"]
[PlyCount "107"]
[EventDate "2011.12.06"]
[EventType "swiss"]
[EventRounds "10"]
[EventCountry "COL"]
[SourceTitle "CBM 145 Extra"]
[Source "ChessBase"]
[SourceDate "2012.01.03"]
[SourceVersion "1"]
[SourceVersionDate "2012.01.03"]
[SourceQuality "1"]

1. e4 c5 2. Nf3 Nc6 3. d4 cxd4 4. Nxd4 g6 5. c4 Bg7 6. Be3 Nf6 7. Nc3 Qa5 8. f3 h5 9. Qd2 d6 10. a3 h4 11. Nxc6 bxc6 12. b4 Qh5 13. Rd1 Be6 14. Be2 a5 15. b5 c5 16. h3 Nd7 17. f4 Qh7 18. Bf3 Nb6 19. e5 Rc8 20. exd6 exd6 21. Bc6+ Rxc6 22. bxc6 Nxc4 23. Qd3 0-0 24. 0-0 Qh8 25. Nb5 Nb2 26. Qxd6 Bc4 27. c7 Bxb5 28. Qxf8+ Bxf8 29. c8Q Nxd1 30. Rxd1 Kh7 31. Bxc5 Bxc5+ 32. Qxc5 Qb2 33. Qe7 Kg7 34. Qxh4 Qxa3 35. Rd8 Qe3+ 36. Kh2 Be8 37. Qg5 a4 38. Qe5+ Qxe5 39. fxe5 Bc6 40. Rd6 Be4 41. Ra6 Bc2 42. Ra7 Kf8 43. h4 Bd1 44. Kg3 Ke8 45. Kf4 Bb3 46. g4 Kd8 47. Kg5 Kc8 48. h5 Kb8 49. Rxa4 Bxa4 50. h6 Bd7 51. h7 Kc7 52. h8Q Be6 53. Qf6 Kc6 54. Qe7 1-0

[Event "World Amateur-ch"]
[Site "Antalya"]
[Date "2011.10.01"]
[Round "1"]
[White "Herrera Rincon, Wilene"]
[Black "Harayssi, Zaki"]
[Result "0-1"]
[WhiteElo "1705"]
[BlackElo "1980"]
[PlyCount "152"]
[EventDate "2011.10.01"]
[EventType "swiss"]
[EventRounds "9"]
[EventCountry "TUR"]
[SourceTitle "CBM 144 Extra"]
[Source "ChessBase"]
[SourceDate "2011.10.28"]
[SourceVersion "1"]
[SourceVersionDate "2011.10.28"]
[SourceQuality "1"]

1. e4 Nf6 2. Nc3 d5 3. exd5 Nxd5 4. Bb5+ c6 5. Bc4 e5 6. Qf3 Be6 7. Nge2 f5 8. d3 Be7 9. Qh5+ g6 10. Qh6 Bf6 11. h4 Qe7 12. Bg5 Nd7 13. 0-0-0 a6 14. Bxf6 N7xf6 15. Qg5 0-0-0 16. Bb3 h6 17. Nxd5 cxd5 18. Qe3 Nd7 19. f4 e4 20. dxe4 dxe4 21. Qc3+ Kb8 22. Bxe6 Qxe6 23. Nd4 Qxa2 24. Nb3 Qa4 25. Rd4 Qc6 26. Rc4 Qd6 27. g3 Nb6 28. Rd4 Qe7 29. Rhd1 Rc8 30. Qa5 Nc4 31. Qa4 Ne3 32. R1d2 Rhd8 33. c3 Nf1 34. Rd1 Nxg3 35. Kc2 Ne2 36. Rd7 Rxd7 37. Rxd7 Qe6 38. Nd4 Nxd4+ 39. Qxd4 e3 40. Kd1 Qb3+ 41. Kc1 Qb5 42. Qd6+ Ka8 43. Re7 Qf1+ 44. Kc2 Qf2+ 45. Kc1 e2 46. Qe6 Qxf4+ 47. Kc2 Rd8 48. Qxe2 Qxh4 49. Re6 Qa4+ 50. Kc1 Rg8 51. Qg2 g5 52. Rxh6 Re8 53. Qf3 Qe4 54. Qf2 Qe1+ 55. Qxe1 Rxe1+ 56. Kd2 Rg1 57. b4 f4 58. Rf6 Rg3 59. Rf5 f3 60. Ke3 g4 61. Rf4 Rg2 62. c4 Kb8 63. Rf8+ Kc7 64. Rf7+ Kd6 65. Rxb7 f2 66. Rf7 g3 67. Rf6+ Ke5 68. Rf4 Rg1 69. Re4+ Kf5 70. Rf4+ Kg5 71. c5 Re1+ 72. Kd2 Kxf4 73. c6 f1Q 74. c7 Qf3 75. c8Q Re2+ 76. Kd1 Qf1# 0-1

[Event "Bogota Mayores Distrital op 06"]
[Site "Bogota"]
[Date "2011.06.17"]
[Round "2"]
[White "Trujillo, Otoniel"]
[Black "Herrera Rincon, Wilene"]
[Result "1-0"]
[WhiteElo "2241"]
[BlackElo "1708"]
[PlyCount "37"]
[EventDate "2011.06.16"]
[EventType "swiss"]
[EventRounds "7"]
[EventCountry "COL"]
[SourceTitle "EXT 2012"]
[Source "ChessBase"]
[SourceDate "2011.11.24"]
[SourceVersion "1"]
[SourceVersionDate "2011.11.24"]
[SourceQuality "1"]

1. d4 d5 2. e3 Nf6 3. Bd3 Bg4 4. Nf3 c5 5. c3 Nc6 6. Nbd2 e6 7. Bb5 a6 8. Bxc6+ bxc6 9. Qa4 Qb6 10. Ne5 Rc8 11. Nxg4 Nxg4 12. dxc5 Bxc5 13. Qxg4 0-0 14. 0-0 f5 15. Qh3 Rf6 16. Qf3 Bd6 17. g3 Rcf8 18. b3 Qc7 19. Bb2 1-0